00627nam a2200193Ia 4500952013100000999001700131003000400148005001700152008004100169020001800210040000900228082002200237100002300259245004800282260003200330300000800362650001300370942005000383 00102ddc40708SSaMESbMEScMALd2019-02-20g35.00l0o894.812301 SUR/Ap24555r2019-02-20 00:00:00w2019-02-20yBKzGR31R1 c27943d27943OSt20210101102641.0190216s9999||||xx |||||||||||||| ||und|| a9788124006375 coclc a894.812301bSUR/A aSurendran, P 9540 0aAbhayarthikalute Poomthottam /cP Surendran bDc Books,aKottayam:c1998. a72p aKathakal cBK2ddch894.812301iSUR/Ak894.812301mSUR/A